| 000 | 00701nam a22002057a 4500 | ||
|---|---|---|---|
| 003 | NUST-PNEC | ||
| 005 | 20170116180727.0 | ||
| 008 | 141107b xxu||||| |||| 00| 0 eng d | ||
| 020 | _a978-9814126571 | ||
| 040 | _cPNEC | ||
| 082 | _a004.33 SHA | ||
| 100 |
_9938 _aShaw, Alan C. |
||
| 245 |
_aReal-Time systems and software / _cAlan C. Shaw |
||
| 260 |
_aNew York : _bJohn Wiley & Sons, Inc., _cc2002. |
||
| 300 |
_avi, 215 p. : _bill. ; _c23 cm. |
||
| 500 | _aIncludes Index | ||
| 650 |
_xMIS, Computer _xSoftware Engineering |
||
| 856 | _uhttp://www.amazon.com/Real-Time-Systems-Software-Alan/dp/9814126578/ref=sr_1_1?s=books&ie=UTF8&qid=1415335972&sr=1-1&keywords=9814126578 | ||
| 942 |
_2ddc _cBK |
||
| 999 |
_c61652 _d61652 |
||